Lewis R (on the application) of Redcar and Cleveland Borough Council and Anor (Record no. 82341)

MARC details
000 -LEADER
fixed length control field 01260cad a22002415a 4500
001 - CONTROL NUMBER
control field L149938
008 - FIXED-LENGTH DATA ELEMENTS--GENERAL INFORMATION
fixed length control field 100518e2010 xxk 000 0 eng d
035 ## - SYSTEM CONTROL NUMBER
System control number (Sirsi) u149938
041 0# - LANGUAGE CODE
Language code of text/sound track or separate title eng
245 00 - TITLE STATEMENT
Title Lewis R (on the application) of Redcar and Cleveland Borough Council and Anor
Medium [electronic resource]
260 ## - PUBLICATION, DISTRIBUTION, ETC.
Date of publication, distribution, etc. 2010
520 ## - SUMMARY, ETC.
Summary, etc. [2010] UKSC 11, 3 March 2010. Appeal against CA decision (see L147273) against dismissal for application for judical review of council (Cleveland) decision to refuse to register land as a village green. Proposition 'as of right' described by tripartite test as "nec vi, nec clam, nec precario" upheld. "Held" appeal allowed.
590 ## - LOCAL NOTE (RLIN)
Local note KA
650 24 - SUBJECT ADDED ENTRY--TOPICAL TERM
Topical term or geographic name entry element COMMONS ACT 2006 S15
650 24 - SUBJECT ADDED ENTRY--TOPICAL TERM
Topical term or geographic name entry element HOLLINS V VERNEY
650 24 - SUBJECT ADDED ENTRY--TOPICAL TERM
Topical term or geographic name entry element CUMBERNAULD AND KILSYTH DC V DOLLAR LAND (CUMBERNAULD) LTD
650 24 - SUBJECT ADDED ENTRY--TOPICAL TERM
Topical term or geographic name entry element R V SUNDERLAND CITY COUNCIL EX P BERESFORD
650 24 - SUBJECT ADDED ENTRY--TOPICAL TERM
Topical term or geographic name entry element R V OXFORDSHIRE CC V OXFORD CITY COUNCIL AND ANOTHER
651 #4 - SUBJECT ADDED ENTRY--GEOGRAPHIC NAME
Geographic name England and Wales
Chronological subdivision 1543-
690 ## - LOCAL SUBJECT ADDED ENTRY--TOPICAL TERM (OCLC, RLIN)
Topical term or geographic name as entry element ENVIRONMENTAL AND LAND CONSULTANCY-PLANNING AND DEVELOPMENT-DEVELOPMENT CONTROL
856 48 - ELECTRONIC LOCATION AND ACCESS
Uniform Resource Identifier <a href="https://www.supremecourt.gov.uk/decided-cases/docs/UKSC_2009_0167_Judgment.pdf">https://www.supremecourt.gov.uk/decided-cases/docs/UKSC_2009_0167_Judgment.pdf</a>
Public note View this item free of charge at www.supremecourt.gov.uk
942 ## - ADDED ENTRY ELEMENTS (KOHA)
Suppress in OPAC 0
Holdings
Withdrawn status Lost status Source of classification or shelving scheme Damaged status Not for loan Home library Current library Shelving location Date acquired Total Checkouts Full call number Barcode Date last seen Copy number Price effective from Koha item type
    Dewey Decimal Classification     Virtual Virtual Online 18/05/2010   ONLINE PUBLICATION 149938-2001 06/08/2019 1 06/08/2019 Law report